| 000 | 00556nam a2200217Ia 4500 | ||
|---|---|---|---|
| 008 | 170203s9999 xx 000 0 und d | ||
| 020 | _a0-721408710 | ||
| 050 | _aFic | ||
| 050 | _bM974w | ||
| 100 | _aMurdock, Hy. | ||
| 245 | _aWhat time is it, Mr. Wolf / | ||
| 245 | _cdevised by Hy Murdock ; illustrated by Lynn Breeze. | ||
| 260 | _aLeicestershire : | ||
| 260 | _bLadybird. | ||
| 300 | _a43 pages : | ||
| 300 | _bcolor illustrations ; | ||
| 300 | _c18 cm. | ||
| 440 | _aRead it yourself. | ||
| 440 | _vLevel 1. | ||
| 650 | _aReaders. | ||
| 999 |
_c306538 _d306538 |
||